00474 2200181 4500001002100000005001500021008004100036020002200077035001900099041000700118082000800125090001400133100001800147245004500165260003100210300003400241650001700275INLIS00000000001293520241224114447241224||||||||| | ||| |||| || |  a978-979-041-198-2 0010-1224012935 aid0 a300 a300 JAM e0 aJam'ah Khalid00aEnsiklopedia IPS Koperasi dan Sejarahnya abekasibGaneca Exactc2008 a25x18 cm, iv, 48 hlm.; ilus.: 0aIlmu Ekonomi